书目信息 |
| 题名: |
马文·H·墨兹
|
|
| 作者: | 维塔, 编著 ;查群 , 薛斌 译 | |
| 分册: | ||
| 出版信息: | 北京 中国建筑工业出版社 2005.11 |
|
| 页数: | 99页 | |
| 开本: | 23cm | |
| 丛书名: | 国外建筑师及事务所名作丛书 | |
| 单 册: | ||
| 中图分类: | TU206 | |
| 科图分类: | ||
| 主题词: | 建筑设计--jian zhu she ji--美国--当代--图集 | |
| 电子资源: | ||
| ISBN: | 7-112-07299-9 | |
| 000 | 01215nam 2200301 450 | |
| 001 | 012006381249 | |
| 005 | 20191106092727.76 | |
| 010 | @a7-112-07299-9@dCNY52.00 | |
| 100 | @a20060315d2005 km y0chiy0120 ea | |
| 101 | 1 | @achi@cita |
| 102 | @aCN@b110000 | |
| 105 | @aa a 000yy | |
| 200 | 1 | @a马文·H·墨兹@Ama wen·H·mo zi@e诗意的城市@d= Marvin H. Meltzer@ecity as poerty@f(意) 毛里齐奥·维塔编著@F(yi)mao li qi ao·wei ta bian zhu@g查群, 薛斌译@Gcha qun,xue bin yi@zeng |
| 210 | @a北京@c中国建筑工业出版社@d2005.11 | |
| 215 | @a99页@c图@d23cm | |
| 225 | 2 | @a国外建筑师及事务所名作丛书@Aguo wai jian zhu shi ji shi wu suo ming zuo cong shu |
| 320 | @a有书目。 | |
| 330 | @a本书介绍了建筑设计大师墨兹的设计作品。他的设计作品是典型的类型学作品,他的每一件作品都与其原始的建筑原型有着密切的关联。 | |
| 410 | 0 | @12001 @a国外建筑师及事务所名作丛书 |
| 510 | 1 | @aMarvin H. Meltzer@ecity as poerty@zeng |
| 517 | 1 | @a诗意的城市@Ashi yi de cheng shi |
| 606 | 0 | @a建筑设计@Ajian zhu she ji@y美国@z当代@j图集 |
| 690 | @aTU206@v4 | |
| 701 | 1 | @a维塔,@Awei ta,@b毛里齐奥@4编著 |
| 702 | 0 | @a查群@Acha qun@4译 |
| 702 | 0 | @a薛斌@Axue bin@4译 |
| 801 | 0 | @aCN@bQSSK@c20060315 |
| 905 | @a10447@dTU206@eW538 | |
| 马文·H·墨兹:诗意的城市= Marvin H. Meltzer:city as poerty/(意) 毛里齐奥·维塔编著/查群, 薛斌译.-北京:中国建筑工业出版社,2005.11 |
| 99页:图;23cm.-(国外建筑师及事务所名作丛书) |
| ISBN 7-112-07299-9:CNY52.00 |
| 本书介绍了建筑设计大师墨兹的设计作品。他的设计作品是典型的类型学作品,他的每一件作品都与其原始的建筑原型有着密切的关联。 |
| ● |
| 相关链接 |
|
|
|
正题名:马文·H·墨兹
索取号:TU206/W538
 
预约/预借
| 序号 | 登录号 | 条形码 | 馆藏地/架位号 | 状态 | 备注 |
| 1 | 1307123 | 213071236 | 建筑库101/101建筑库 43排2列4层/ [索取号:TU206/W538] | 在馆 | |
| 2 | 1307124 | 213071245 | 建筑库101/101建筑库 43排2列4层/ [索取号:TU206/W538] | 在馆 | |
| 3 | 1307125 | 213071254 | 建筑库101/101建筑库 43排2列4层/ [索取号:TU206/W538] | 在馆 | |
| 4 | 556345 | 205563451 | 建筑库101/101建筑库 43排2列4层/ [索取号:TU206/W538] | 在馆 | |
| 5 | 556346 | 205563460 | 建筑库101/101建筑库 43排2列4层/ [索取号:TU206/W538] | 在馆 |